Implementing cisco Ip routing route foundation learning guide : (Record no. 35950)

MARC details
000 -LEADER
fixed length control field 00478nam a22001457a 4500
005 - DATE AND TIME OF LATEST TRANSACTION
control field 20240625095635.0
008 - FIXED-LENGTH DATA ELEMENTS--GENERAL INFORMATION
fixed length control field 240625b |||||||| |||| 00| 0 eng d
020 ## - INTERNATIONAL STANDARD BOOK NUMBER
ISBN 9781587058820
245 ## - TITLE STATEMENT
Title Implementing cisco Ip routing route foundation learning guide :
Remainder of title Foundation learning for the ROUTE 642-902 exam /
Statement of responsibility, etc. Teare, Diane
260 ## - PUBLICATION, DISTRIBUTION, ETC.
Place of Publication USA:
Name of publisher, distributor, etc. Cisso Press;
Date of publication, distribution, etc. 2014.
300 ## - PHYSICAL DESCRIPTION
Pages xxiv, 945 p. :
500 ## - GENERAL NOTE
General note include index.
650 ## - SUBJECT ADDED ENTRY--TOPICAL TERM
Subject / Department Networking
300 ## - PHYSICAL DESCRIPTION
-- ill;
-- 24 cm.
952 ## - LOCATION AND ITEM INFORMATION (KOHA)
-- 0
-- 0
Holdings
Lost status Damaged status Collection code Permanent Location Current Location Shelving Location Date acquired Full Call Number Accession No./Barcode Date last seen item type Koha item type
    CS/IT Superior Information Resource Center (SIRC) Superior University- Gold Campus Superior Information Resource Center (SIRC) Superior University- Gold Campus Networking 06/25/2024 004.607 TEA-I 2014 16032 06/25/2024 BOOK BOOK

Powered by Koha